Charaktere den Kinderserien zuordnen - Statistiken

Allgemein
  • Dieses Quiz wurde 330 mal gespielt
  • Das Durchschnittsergebnis liegt bei 8 aus 15
Antwortstatistiken
Charaktere Serie % Korrekt
Homer, Marge, Bart Die Simpsons
85%
Ash, Glurak, Evoli Pokémon
81%
Otto, Karla Koluma, Benjamin Benjamin Blümchen
80%
Perry, Dr. Doofenshmirtz, Linda Phineas und Ferb
80%
Kai, Lloyd, Zane Ninjago
71%
Ron, Dr. Drakken, Shego Kim Possible
70%
David, Simon, Theodore Alvin & die Chipmunks
63%
Aang, Katara, Zuko Avatar
63%
Shaggy, Velma, Daphne Scooby-Doo
63%
Sasuke, Kakashi, Sakura Naruto
61%
Mabel, Dipper, Soos Wilkommen in Gravity Falls
52%
Duffy, Elmer, Roadrunner Bugs Bunny und Looney Tunes
43%
Jake, Trixie, Spud American Dragon
12%
Luz, Eda, King Willkommen im Haus der Eulen
6%
Melissa, Zack, Diogi Schlimmer geht‘s immer mit Milo Murphy
5%
Keine übereinstimmenden Quizze gefunden
Verteilung der Resultate
Anzahl Personen mit jedem Resultat
Perzentil nach korrekt beantworteten Fragen
Ihre Resultats-Entwicklung
Sie haben dieses Quiz noch nicht gespielt